00415nam a2200133Ia 4500008004100000100002200041245010600063245002200169260002500191260000900216300002500225650001600250650001500266170224s9999 xx 000 0 und d aNicholas McGuigan 4aThe Impact of Journal Rankings on Australasian Accounting Education Scholarship – A Personal View  cNicholas McGuigan bAccounting Education c2015 a24:3, Pages: 187-207 xAccountancy xAccounting